Svět podle českých zahraničněpolitických elit

Prieskum s názvom Trendy českej zahraničnej politiky, ktorý uskutočnila Asociácia pre medzinárodné otázky. Odpovede na otázky: akým spôsobom uvažujú o súčasnom medzinárodnom prostredí a o úlohe Českej republiky v ňom ľudia, ktorí ovplyvňujú českú zahraničnú politiku, aký význam prikladajú medzinárod...

ver descrição completa

Na minha lista:
Detalhes bibliográficos
Autor principal: Eberle, Jakub
Outros Autores: Karásek, Tomáš
Formato: Capítulo de Livro
Idioma:tcheco
Assuntos:
Tags: Adicionar Tag
Sem tags, seja o primeiro a adicionar uma tag!

MARC

LEADER 00000naa a2200000 4500
001 0143940
005 20231016094500.2
041 0 |a cze 
044 |a CZ 
245 1 0 |a Svět podle českých zahraničněpolitických elit  |c Jakub Eberle, Tomáš Karásek 
520 |a Prieskum s názvom Trendy českej zahraničnej politiky, ktorý uskutočnila Asociácia pre medzinárodné otázky. Odpovede na otázky: akým spôsobom uvažujú o súčasnom medzinárodnom prostredí a o úlohe Českej republiky v ňom ľudia, ktorí ovplyvňujú českú zahraničnú politiku, aký význam prikladajú medzinárodným organizáciám a bilaterálnym vzťahom, aké sú najdôležitejšie témy pre najbližšie roky. 
610 2 0 |a politika zahraničná 
610 2 0 |a spolupráca medzinárodná 
610 2 0 |a vzťahy medzinárodné 
610 2 0 |a prieskum informačný 
610 2 0 |a Česko 
100 1 |a Eberle, Jakub 
700 1 |a Karásek, Tomáš